| 000 | 00884nam a2200229Ia 4500 | ||
|---|---|---|---|
| 003 | OSt | ||
| 005 | 20250527162946.0 | ||
| 008 | 210210b2002 xxu||||| |||| 00| 0 eng d | ||
| 020 | _a81 87321 81 4 | ||
| 040 | _cAL | ||
| 041 | _aKannada | ||
| 082 | _aK894.8 LANP | ||
| 100 |
_aLANGULACHARYA pseud. (i e Pa Vem Acharya) _9141566 _dಲಾಂಗುಲಾಚಾರ್ಯ |
||
| 245 |
_aPa Vem Acharyara samagra sahitya Samputa 8; Brahmanarenu madabeku? _bಪಾ. ವೆಂ. ಆಚಾರ್ಯರ ಸಮಗ್ರ ಸಾಹಿತ್ಯ ಸಂಪುಟ ೮ : ಬಾಹ್ಮಣರೇನು ಮಾಡಬೇಕು ? |
||
| 260 |
_aBengaluru _bAnkita Pustaka _c2002 |
||
| 300 | _a198 | ||
| 650 |
_aShrinivasa Havanura _9141567 |
||
| 650 |
_aಪಾ. ವೆಂ. ಆಚಾರ್ಯ | P. V. Acharya _9211448 |
||
| 690 |
_aKannada Miscellaneous _9141568 |
||
| 906 | _a058261 | ||
| 942 |
_2ddc _cBK |
||
| 999 |
_c105564 _d105564 |
||